| 000 | 01059njm a2200253 i 4500 | ||
|---|---|---|---|
| 001 | 5044 | ||
| 003 | ES-MaACL | ||
| 005 | 20250622050206.0 | ||
| 007 | s|r||||||||||| | ||
| 008 | 070914s1984 sp ||| g ||||||||1|nspa d | ||
| 100 | 1 |
_aDurán, Leopoldo. _946190 |
|
| 245 | 1 | 4 |
_a"El Monseñor Quixote" de Graham Green _h[Grabación sonora] / _cinterviene Leopoldo Durán. |
| 260 |
_aMadrid : _bAteneo de Madrid, _c1984. |
||
| 300 |
_a2 discos (CD-DA) (1 h. 11 min. 29 seg.) ; _c12 cm. |
||
| 500 | _aDatos basados en la invitación. | ||
| 518 | _aActo organizado por la Sección de Literatura del Ateneo de Madrid, grabado en el salón de actos el martes, 20 de marzo de 1984, a las 20:00 h. | ||
| 600 | 1 | 4 |
_aGreen, Graham- _xCrítica e interpretación. _959837 |
| 610 | 0 | 4 |
_aAteneo de Madrid- _xActos culturales- _y1984- _vGrabaciones sonoras _91899 |
| 710 | 2 |
_aAteneo de Madrid. _bSección de Literatura. _91997 |
|
| 852 |
_aES-MaACL _jROT 6/1/5 _95161 _cROT |
||
| 852 |
_aES-MaACL _jROT 6/1/6 _9203662 _cROT |
||
| 942 | _2udc | ||
| 999 |
_c5044 _d5044 |
||